Deszk szíve a Falunkért Egyesület a nyilvánosság mással nem pótolható fórumai /

Elmentve itt :
Bibliográfiai részletek
Szerző: Újszászi Ilona
Dokumentumtípus: Cikk
Megjelent: 2006-01-20
Sorozat:Délmagyarország 96 No. 17
Kulcsszavak:Deszk, Falunkért Egyesület civil szervezet
Online Access:http://dmarchiv.bibl.u-szeged.hu/135835
LEADER 00545nab a2200157 i 4500
001 delm135835
005 20191220132519.0
008 191220s2006 hu o 0|| hun d
040 |a SZTE Délmagyarország Archívum  |b hun 
041 |a hun 
100 1 |a Újszászi Ilona 
245 1 0 |a Deszk szíve a Falunkért Egyesület   |h [elektronikus dokumentum] :  |b a nyilvánosság mással nem pótolható fórumai /  |c  Újszászi Ilona 
260 |c 2006-01-20 
300 |a 11 
490 0 |a Délmagyarország  |v 96 No. 17 
695 |a Deszk, Falunkért Egyesület civil szervezet